Famous Rodents - Statistics

General Stats
  • This quiz has been taken 348 times
    284 since last reset
  • The average score is 9 of 20
Answer Stats
Hint Rodent % Correct
Blue hedgehog Sonic
93%
Pulls pranks on Tom Jerry
86%
In a boy band with Theodore and Simon Alvin
75%
Bambi's best friend Thumper
75%
Repeatedly kills Scratchy Itchy
72%
Fantasia Mickey Mouse
72%
^'s girlfriend Minnie Mouse
67%
Rabbit created by Beatrix Potter Peter Rabbit
60%
The farmer's wife cut their tails off Three Blind Mice
56%
Rat chef in Ratatouille Remy
43%
No idea where he gets them from, but he hides eggs Easter Bunny
36%
Cinderella's fat mouse companion in yellow Gus (Octavius)
34%
Was at Alice's tea party March Hare
32%
Was also at Alice's tea party Dormouse
31%
Lives in a Treedome Sandy Cheeks
17%
Arch enemy of ^ Shadow
17%
Has his own kid's funhouse Chuck E. Cheese
7%
Ghosts 'n' Stuff deadmau5
4%
Fought rats in the dungeon with a needle Despereaux
4%
Gymnastic's "Flying Squirrel" Gabby Douglas
4%
No matching quizzes found
Score Distribution
Percent of People with Each Score
Percentile by Number Answered
Your Score History
You have not taken this quiz since the last reset